| 000 | 00657nam a2200205Ii 4500 | ||
|---|---|---|---|
| 003 | JO-AjNU | ||
| 008 | 230605s9999||||xx |||||||||||||| ||und|| | ||
| 017 | _a1977/3816 | ||
| 040 |
_aJO-AjNU _bara _erda _cJO-AjNU |
||
| 041 | _aara | ||
| 050 | 1 | 4 | _aLB2821.M85 1977 |
| 100 | 3 |
_aمرسي، محمد منير, _eauthor _940307 |
|
| 245 | 0 | 0 | _aالتعليم الجامعي المعاصر قضاياه وإتجاهاته |
| 264 | 3 | 1 | _aالقاهرة:دار النهضة،1977 |
| 300 | _a119ص | ||
| 336 |
_atext _btxt _2rdacontent |
||
| 337 |
_aunmediated _bn _2rdamedia |
||
| 338 |
_avolume _bnc _2rdacarrier |
||
| 650 | 4 |
_aتعليم عالي-مصر _940308 |
|
| 999 |
_aA17094 _c20662 _d20662 |
||